MARC

LEADER 00000nas a2200000 a 4500
001 ssj0017547
003 WaSeSS
005 20200512172242.0
006 m d
007 cr n
008 991220d19992006ncufr p s 0 a0eng c
010 |a  00234683  
016 7 |a 010523665  |2 Uk 
022 |l 1542-1619  |y 1542-1619 
035 |a (WaSeSS)ssj0017547 
037 |b Dept. of English, North Carolina State, Box 8105, Raleigh, NC 27695-8105 
040 |a SVP  |b eng  |c SVP  |d CUS  |d HLS  |d OCL  |d SYS  |d CUS  |d IUL  |d CUS  |d EYM  |d DLC  |d IUL  |d PAU  |d OCLCQ  |d CUS  |d DLC  |d OCLCA  |d OCLCQ  |d OCLCO  |d OCLCA  |d OCLCF  |d OCLCO  |d RDF  |d UKMGB  |d OCLCO  |d XFH  |d GILDS  |d DLC  |d AZU  |d WaSeSS 
042 |a pcc  |a nsdp 
050 0 0 |a PS508.N3  |b O27 
050 1 4 |a PR1110.B5  |b O3 
082 1 0 |a 820  |2 13 
210 0 |a Obsidian III 
222 0 |a Obsidian III 
245 0 0 |a Obsidian III  |h [electronic resource]. 
246 3 |a Obsidian three 
246 3 |a Obsidian 3 
260 |a Raleigh, NC :  |b Dept. of English, North Carolina State University,  |c 1999-2006. 
310 |a Semiannual 
362 0 |a Vol. 1, no. 1 (spring/summer 1999)- 
362 1 |a Ceased with vol. 6, no. 2/v.7, no. 1 (fall/winter 2005-spring/summer 2006). 
500 |a Issues have also distinctive titles. 
500 |a "Literature in the African diaspora." 
506 |a License restrictions may limit access. 
588 |a Final issue consulted. 
650 0 |a American literature  |x African American authors  |v Periodicals. 
650 0 |a English literature  |x Black authors  |v Periodicals. 
650 0 |a American literature  |x African American authors  |x History and criticism  |v Periodicals. 
650 0 |a English literature  |x Black authors  |x History and criticism  |v Periodicals. 
650 7 |a American literature  |x African American authors.  |2 fast  |0 (OCoLC)fst00807114 
650 7 |a English literature  |x Black authors.  |2 fast  |0 (OCoLC)fst00912006 
655 0 |a Electronic journals. 
710 2 |a North Carolina State University.  |b Department of English. 
780 0 0 |t Obsidian II  |x 0888-4412  |w (DLC) 87650034  |w (OCoLC)13573529 
785 0 0 |t Obsidian (Raleigh, N.C. : 2006)  |x 2161-6140  |w (DLC) 2008228766  |w (OCoLC)213815049 
850 |a DLC  |a MH 
853 2 0 |8 1  |a v.  |b no.  |u 2  |v r  |w f  |i (year)  |j (season)  |x 21/22  |y ps21/22,23/24 
856 4 0 |z Full text available from Research Library: 04/01/2004 to Summer 2006  |u https://search.proquest.com/publication/39580 
863 4 1 |8 1.1  |a 1  |b 1  |i 1999  |j 21/22